000 00737nam a2200217 a 4500
001 000017428
005 20250204073952.0
008 100324s1994 dr a 001 f spa d
040 _aDO-SdBNP
_bspa
_cBNPHU
082 _aRD863.44
_bN397g
100 1 _aNei Nava, Víctor
_938112
245 1 3 _aEl guerrero elegido de Dios /
_cVíctor Nei Nava ; prólogo Mariano Lebrón saviñon.
260 _aSanto Domingo :
_bPaloma,
_c1994.
300 _aix,124 p. :
_bil. ;
_c21 cm.
504 _aBibliografía : p. 124.
590 _aInventariado, 2020/BT
650 0 _aNovela dominicana
_9223
650 0 _aLiteratura dominicana.
_967
700 1 _aLebrón Saviñon, Mariano
_d1922-2014
_epról.
_97227
910 _aValidado. Control de calidad EMS
999 _c16953
_d16953